000 00764nam a2200217Ii 4500
003 JO-AjNU
008 230605s9999||||xx |||||||||||||| ||und||
017 _a2008/21858
020 _a977-282-388-8
040 _aJO-AjNU
_bara
_erda
_cJO-AjNU
041 _aara
050 1 4 _aHF5823 2009
100 3 _aتاليف: بيرنو،ادموند ؛ ترجمة: شرين الاشرفي ؛ مراجعة: محمد وفائي كامل,
_eauthor
_934088
245 0 0 _aالاعلان = Advertising
264 3 1 _aالقاهرة: الدار الدولية للاستثمارات الثقافية، 2009
300 _a23ص
336 _atext
_btxt
_2rdacontent
337 _aunmediated
_bn
_2rdamedia
338 _avolume
_bnc
_2rdacarrier
650 4 _aالاعلان
_934089
999 _aA13939
_c17507
_d17507